00311 a2200109 4500001000700000020000600007040001100013100003100024240007100055245006600126362000900192168033 a  cMagnum aRomesin, Humberto Maturana10aDe maquinas e seres vivos: autopoiese - a organizacao do vivolpor10aDe maquinas e seres vivos: autopoiese - a organizacao do vivo0 a1899